• 首页
  • 本馆介绍
  • 公告通知
  • 最新文献
  • 馆藏检索
  • 电子资源
  • 读者导购
  • 参考咨询
  • 我的图书馆
  • 登录
  • 详细信息显示
  • 放入我的书架
  • 预约/预借图书
  • 作者相关作品
  • 分类相关作品
  • 丛书相关作品
  • 出版社相关作品

书目信息

  • 表格格式
  • 工作单格式
  • 卡片格式
书名: The moneychangers
作者: Arthur Hailey
分册号:
分册名:
出版地: Peking :
 
出版社: Peking Foreign Languages
出版时间: 1979.
页数: 363 p. ;
开本: 24 cm. :
丛书名:
中图分类号:
科图分类号:
其他分类号: H319.4
主题词:
电子资源:
000 00767nam 2200253 a 4500
001 E0760116559
005 20070227164747.71
008 741203s1979 nyu 00011 eng
008 uu
010    @a74012689 //r80
020    @a0385008961.
049    @aN5LA
050 0  @aPZ4.H151 @bMo 1975 @aPR9199.3.H3
082 0  @a813/.54 @219
090    @a2/I711.45/HAM/////////686365/678281/ cop.2
090    @aH319.4
096    @aI711.45 @v2
099    @dH319.4@ex451:1
100 10 @aHailey, Arthur.
245 14 @aThe moneychangers / @cArthur Hailey
250    @a1st ed.
260 0  @aPeking :@bPeking Foreign Languages,@c1979.
300    @a363 p. ;@c24 cm. :@b00 ;@c20020930@lNLC09@h2247@lNLC09@h2308@lNLC09@h1859
852 9  @bWWJC @cJ08S @k2 @hI711.45 @iHAM
    
    The moneychangers / / Arthur Hailey.-1st ed.-Peking : : Peking Foreign Languages, , 1979.
    363 p. ; ; 24 cm. : : 00 ; ; 20020930
    
    
    ISBN 0385008961.
    
●
相关链接 在E读中查询图书 在五车中查询图书 在当当中查询图书 在豆瓣中查询图书


正题名:moneychangers     索取号:H319.4/x451:1         预约/预借

序号 登录号 条形码 馆藏地/架位号 状态 备注
1 60305   000448661   第四借阅区/ [索取号:H319.4/x451:1] 在馆    
2 60306   000448581   密集书库/ [索取号:H319.4/x451:1] 在馆    
3 60307   000448420   密集书库/ [索取号:H319.4/x451:1] 在馆    
4 60308   000448741   第四借阅区/ [索取号:H319.4/x451:1] 在馆    
5 60310   000448705   第四借阅区/ [索取号:H319.4/x451:1] 在馆    
6 60311   000448466   第四借阅区/ [索取号:H319.4/x451:1] 在馆    
7 60312   000448509   第四借阅区/ [索取号:H319.4/x451:1] 在馆    
8 60313   000448545   密集书库/ [索取号:H319.4/x451:1] 在馆    
9 60314   000448625   密集书库/ [索取号:H319.4/x451:1] 在馆    
10 60315   000448331   第四借阅区/ [索取号:H319.4/x451:1] 在馆    
11 60316   000448572   密集书库/ [索取号:H319.4/x451:1] 在馆    
12 60318   000448377   第四借阅区/ [索取号:H319.4/x451:1] 在馆    
13 60319   000448778   第四借阅区/ [索取号:H319.4/x451:1] 在馆    
14 60320   000448536   第四借阅区/ [索取号:H319.4/x451:1] 在馆    
15 60321   000448457   密集书库/ [索取号:H319.4/x451:1] 在馆    
16 60322   000448616   密集书库/ [索取号:H319.4/x451:1] 在馆    
17 60323   000448493   密集书库/ [索取号:H319.4/x451:1] 在馆    
18 60324   000448411   第四借阅区/ [索取号:H319.4/x451:1] 在馆    
唐山师范学院图书馆 欢迎您!
大连网信软件有限公司© 版权所有